Moringa orange calamansi juice. (Record no. 8244)

MARC details
000 -LEADER
fixed length control field 00710nab a22002057a 4500
003 - CONTROL NUMBER IDENTIFIER
control field OSt
005 - DATE AND TIME OF LATEST TRANSACTION
control field 20250410074730.0
008 - FIXED-LENGTH DATA ELEMENTS--GENERAL INFORMATION
fixed length control field 250404t2010 ||||||p| |||| 00| 0 eng d
040 ## - CATALOGING SOURCE
Transcribing agency JMCFI - Learning Resource Center
082 ## - DEWEY DECIMAL CLASSIFICATION NUMBER
Classification number Per. 370.71’051 M689 2010/2011
245 ## - TITLE STATEMENT
Title Moringa orange calamansi juice.
260 ## - PUBLICATION, DISTRIBUTION, ETC.
Place of publication, distribution, etc. Manila :
Name of publisher, distributor, etc. The Grade School, Inc.,
Date of publication, distribution, etc. 2010.
650 ## - SUBJECT ADDED ENTRY--TOPICAL TERM
Topical term or geographic name entry element School feeding program.
9 (RLIN) 25228
650 ## - SUBJECT ADDED ENTRY--TOPICAL TERM
Topical term or geographic name entry element Recipes.
9 (RLIN) 5479
650 ## - SUBJECT ADDED ENTRY--TOPICAL TERM
Topical term or geographic name entry element Moringa orange calamansi juice (Recipes).
9 (RLIN) 27576
650 ## - SUBJECT ADDED ENTRY--TOPICAL TERM
Topical term or geographic name entry element Vegetables
General subdivision Recipes.
9 (RLIN) 27577
650 ## - SUBJECT ADDED ENTRY--TOPICAL TERM
Topical term or geographic name entry element Malunggay (Vegetables)
General subdivision Recipes.
9 (RLIN) 27578
773 ## - HOST ITEM ENTRY
Related parts , volume 59, number 2 ( July 2010 ) page 64.
Title The Modern Teacher
942 ## - ADDED ENTRY ELEMENTS (KOHA)
Koha item type Periodicals
Suppress in OPAC No
Source of classification or shelving scheme Dewey Decimal Classification
Holdings
Withdrawn status Lost status Source of classification or shelving scheme Damaged status Not for loan Home library Current library Shelving location Date acquired Total Checkouts Call number Date last seen Price effective from Koha item type
    Dewey Decimal Classification     LRC - College (Main) LRC - College (Main) Periodicals 04/10/2025   Per. 370.71’051 M689 2010/2011 04/10/2025 04/10/2025 Periodicals